000 00499nam a2200181Ia 4500
005 20250508161949.0
008 008 250505s9999 xx 000 0 eng d
037 _aTextual
040 _aFEDL
_beng
_cFEDL
041 _aeng
_2eng
084 _a361.2, CHO
_qFEDL
100 _aD. Paul Chowdhry
_9771899
245 0 _aSocial welfare administration
260 _aDelhi, India
_bAtma Ram and Sons
_c1979
300 _a300p
942 _cTEXL
_h361.2, CHO
999 _c1373526
_d1373526